The 10 Best Flags of the World According to AI - Statistics

General Stats
  • This quiz has been taken 92 times
  • The average score is 6 of 10
Answer Stats
Rank Country Flag % Correct
7 Brazil
84%
8 United Kingdom
82%
6 Canada
74%
1 Japan
68%
9 Mexico
66%
5 South Africa
55%
2 Nepal
53%
3 Switzerland
41%
4 Bhutan
40%
10 Barbados
16%
No matching quizzes found
Score Distribution
Percent of People with Each Score
Percentile by Number Answered
Your Score History
You have not taken this quiz